[Event "EU-Cup 30th"]
[Site "Bilbao"]
[Date "2014.09.19"]
[Round "6.3"]
[White "Mademone, Mohamed"]
[Black "Kovacs, Gabor H"]
[Result "0-1"]
[WhiteElo "2374"]
[BlackElo "2463"]
[PlyCount "74"]
[EventDate "2014.09.14"]
[EventType "team-swiss"]
[EventRounds "7"]
[EventCountry "ESP"]
[SourceTitle "CBM 163"]
[Source "ChessBase"]
[SourceDate "2014.11.11"]
[SourceVersion "1"]
[SourceVersionDate "2014.11.11"]
[SourceQuality "1"]
[WhiteTeam "Calder HMC"]
[BlackTeam "Szombathely"]
[WhiteTeamCountry "NED"]
[BlackTeamCountry "HUN"]

1. d4 d5 2. c4 e6 3. Nc3 Be7 4. cxd5 exd5 5. Bf4 c6 6. e3 Bd6 7. Bxd6 Qxd6 8. Bd3 Ne7 9. Qc2 b6 10. Nf3 Ba6 11. 0-0 Bxd3 12. Qxd3 0-0 13. e4 dxe4 14. Nxe4 Qd5 15. Nc3 Qd6 16. Rfe1 Ng6 17. h4 Rd8 18. Ng5 h6 19. h5 Nf8 20. Nxf7 Kxf7 21. Qc4+ Ne6 22. Re3 b5 23. Qb3 Na6 24. Rae1 Nac7 25. f4 Kf8 26. Rxe6 Nxe6 27. Qxe6 Qxd4+ 28. Kh1 Qd7 29. Qg6 Qf7 30. Qxc6 Qxh5+ 31. Kg1 Rac8 32. Qb7 Qc5+ 33. Kh1 Re8 34. Re5 Rxe5 35. fxe5 Re8 36. Nd5 Qc1+ 37. Kh2 Qxb2 0-1

[Event "FRA-chT3 Gr12 0304"]
[Site "Loire"]
[Date "2004.03.14"]
[Round "7.6"]
[White "Mademone, Mohamed"]
[Black "Cordonnier, Claude"]
[Result "1/2-1/2"]
[WhiteElo "1720"]
[BlackElo "1830"]
[PlyCount "86"]
[EventDate "2003.10.12"]
[EventType "team-tourn"]
[EventRounds "9"]
[EventCountry "FRA"]
[SourceTitle "EXT 2008"]
[Source "ChessBase"]
[SourceDate "2007.11.25"]
[SourceVersion "1"]
[SourceVersionDate "2007.11.25"]
[SourceQuality "1"]

1. d3 d5 2. c3 Nf6 3. Nf3 e6 4. Qc2 c5 5. e4 Nc6 6. Bg5 Be7 7. Be2 e5 8. 0-0 0-0 9. Rd1 Be6 10. Nbd2 Qc7 11. Bh4 h6 12. h3 Rac8 13. Bg3 Bd6 14. exd5 Bxd5 15. Ne4 Nxe4 16. dxe4 Be6 17. Nd2 Na5 18. b3 Rfd8 19. Nf1 Nc6 20. Ne3 f6 21. Nd5 Qf7 22. Rd2 Rd7 23. Rad1 Rcd8 24. Bc4 Bf8 25. Ne3 Na5 26. Bd5 Nc6 27. f3 g6 28. Bh4 Bg7 29. Ng4 g5 30. Bf2 Bxd5 31. exd5 Rxd5 32. Bxc5 f5 33. Ne3 Rxd2 34. Rxd2 Rxd2 35. Qxd2 Qe6 36. Qd3 f4 37. Qd5 Kf7 38. Qxe6+ Kxe6 39. Nd1 Kf5 40. Nf2 h5 41. Ne4 g4 42. Nd6+ Ke6 43. Nxb7 gxh3 1/2-1/2